MDQL
is popping MORE tags! Check the
thread
!
Quizzes
Events
Quiz Creation
Community
Videos
Private Events
Remove Ads
Sign In
Join for FREE
Feedback
Dark Mode
Quiz Categories
Sports
Geography
Music
Movies
Television
Just For Fun
Miscellaneous
History
Literature
Language
Science
Gaming
Entertainment
Religion
Holiday
For Kids
Quiz Lab
Recent
Popular Today
Quiz Kudos Today
Editor Picks
Curator Picks
Quizzes by...
Day
Popularity
Type
Ratings
Length
Year
Community
Subscriptions
Recent Discussions
Orange Saloon
Badges
Playlists
Quests
Create
Leaderboards
Showdown
Live 5
Trivia Bingo
Activity
Puzzle Library
Sporcle Events
Private Events
Virtual Trivia
Globe League
Become a Host
Pub Owners
SporcleCon
Opinionation
Our Games
Videos
Blog
Mobile Apps
Partnerships
Remove Ads and Go Orange
Feedback
Music
Pop Music
The Beatles
Song
Album
Lyrics
Bands
Singers
Artist
Clip
Rock
Rap
Classical
Billboard
Country Music
Kpop
Taylor Swift
Music
Pop Music
The Beatles
Song
Album
Lyrics
Bands
Singers
Artist
Clip
Rock
Rap
Classical
Billboard
Country Music
Kpop
Taylor Swift
Random Quiz
Search Sporcle
×
Quiz Lab
Quiz Lab
Music
Bands
Type in answers that appear in a list
Type in answers that appear in a list
Classic
Best Score? Go Orange.
Bands by Album Title Stats
Can you name the Bands by Album Title (Musically Savvy)?
By
leif_eriks0n
12m
32 Questions
67 Plays
67 Plays
67 Plays
Comments
Comments
Give Quiz Kudos
Give Quiz Kudos
-
- Ratings
hide this ad
Forced Order
Answers have to be entered in order
Answers have to be entered in order
Random Order
Randomize order of answers
Randomize order of answers
Replay
Link that replays current quiz
Next Quiz
Link to next quiz in quiz playlist
You Got
0%
They Got
Avg Score
26%
Avg Friend Score
Upgrade to see
Score Distribution
Jump to the score distribution portion of the page
Score
0/32
Timer
12:00
0
Plays Today
Album
% Correct
Neon Bible
Arcade Fire
85.1%
Turn on the Bright Lights
Interpol
64.2%
In the Aeroplane over the Sea
Neutral Milk Hotel
62.7%
Merriweather Post Pavilion
Animal Collective
59.7%
( )
Sigur Ros
58.2%
xx
The xx
53.7%
Veckatimest
Grizzly Bear
52.2%
Silent Alarm
Bloc Party
49.3%
Boxer
The National
43.3%
You Forgot it in People
Broken Social Scene
40.3%
Dummy
Portishead
31.3%
Apologies to the Queen Mary
Wolf Parade
22.4%
F♯A♯∞
Godspeed You! Black Emperor
22.4%
The Earth is Not a Cold Dead Place
Explosions in the Sky
20.9%
In Our Bedroom After the War
Stars
20.9%
Who Will Cut Our Hair When We're Gone
The Unicorns
19.4%
Album
% Correct
Thunder Lightning Strike
The Go! Team
17.9%
Myths of the Near Future
Klaxons
16.4%
OK Calculator
TV on the Radio
16.4%
We Are Beautiful, We Are Doomed
Los Campesinos!
14.9%
Fantasies
Metric
14.9%
Mirrored
Battles
13.4%
A Lesson In Crime
Tokyo Police Club
9%
Seven's Travels
Atmosphere
7.5%
Bright Like Neon Love
Cut Copy
7.5%
9 Beats
Ratatat
7.5%
Goodbye Enemy Airship The Landlord Is Dead
Do Make Say Think
6%
Underwater Cinematographer
The Most Serene Republic
6%
Fake Can Be Just As Good
Blonde Redhead
4.5%
Filling Up the City Skies
Pretty Lights
4.5%
Idealism
Digitalism
3%
Peaceblaster
Sound Tribe Sector 9
3%
Quiz Playlist
Details
Report
Send in Message
Add To Playlist
Classic:
Type in answers that appear in a list
Forced Order:
Answers have to be entered in order
Random Order:
Randomize order of answers
Last Updated: Feb 16, 2017
Quiz Scoreboard
CHALLENGE
Sign Up to Join the Scoreboard
Show All
Scores
Hide
Comments
May contain spoilers
Recently Published
1-10 Letter E Words III
by El_Dandy
Language
2m
Street Fighter Characters
by Artimus82
Gaming
60s
College Basketball Coaching Resumes
by pancakes188
Sports
9m
More to Explore
Quiz From the Vault
Featured Blog Post
Where Did the Easter Bunny Come From?
hide this ad
You Might Also Like...
Tags
Album Quiz
Bands Quiz
Musical Quiz
Savvy
Today's Top Quizzes in Music
Browse Music
hide this ad
Today's Top Quizzes in Bands
Browse Bands
Top Contributed Quizzes in Music
1
Taylor Swift All Songs (2024)
2
Taylor Swift Logic Puzzle
3
Guess the Artist- 70s Songs
4
7-to-1: Billboard Hot 100 #1 Hits of 2010s
5
Sorting Albums and Songs
6
KPOP LOGIC QUIZ
7
Billboard Blitz: Aretha Franklin
8
Guess the Taylor Swift song (Mystery Song)
9
Guess The Taylor Swift Lyrics Song #1
10
Billboard Blitz: ABBA
Explore More
Trending Topics
Kpop
Crossword
Anime
Marvel
Harry Potter
NBA
Disney
Pokémon
NFL
Country
Song
Puzzle
Soccer
WWE
The Office
hide this ad
More By:
leif_eriks0n
Quiz
Plays
Rating
Category
Featured
Created
Bands by Album Title
67
3.00
Music
Feb 24, 2010
Go to Creator's Profile
Score Distribution
Quiz Creator Spotlight
leif_eriks0n
Follow
Send a Message
Quizzes Created
-
Created Quiz Play Count
-
More By This Creator
Popular Quizzes Today
1
Find the US States - No Outlines Minefield
2
Find the Countries of Europe - No Outlines Minefield
3
The Countries of the World
4
Find the US States
5
Risky Map Clicking: Biggest States A-Z
6
US States
7
Popular People in 1961
8
Movies - When Are They Set?
More Music Quizzes
K-Pop Albums with Yellow Covers
Quiz Lab
Trending Quizzes
Risky Map Clicking: Least Populous States A-Z
1-10 Letter G Words
USA Borders Longest to Shortest
1-10 Letter F Words
Countries of the World: 200 Million BC
Recently Updated
Leaping Animals
pecheneg
Reality TV Shows (A-Z)
bhenderson79
Rickey Henderson's Hall of Fame Teammates
pecheneg
Champions League XIs: Arsenal
pecheneg
Quick Pick: Celebrities in WWE's Hall of Fame
aduchscher
A-Z Keypad Blitz II
pecheneg
Multiple Oscar Actors
pecheneg
Mystery Phrase Blitz: Oscar 'Best Actors'
pecheneg
F. Scott Fitzgerald Novels
LTH
Pick 3 Villains
ddd62291
Trending Topics
Anime
Kpop
NBA
Harry Potter
Crossword
Disney
Marvel
Puzzle
Soccer
Pokémon
WWE
Country
NFL
Song
The Office
Your Account Isn't Verified!
In order to create a playlist on Sporcle, you need to verify the email address you used during registration. Go to your
Sporcle Settings
to finish the process.
Report this User
Report this user for behavior that violates our
Community Guidelines
.
Details:
Send Report
Go to the Sporcle.com Mobile Site →
Comments